Documentos históricos referentes al paso de Los Andes efectuado en 1817 por el General San Martin. Publicados por H. Bertling
Saved in:
| Hovedforfatter: | |
|---|---|
| Format: | Bog |
| Sprog: | spansk |
| Udgivet: |
Concepción
Litografía e Imprenta Concepción
1908
|
| Udgivelse: | 1a. ed |
| Fag: | |
| Tags: |
Tilføj Tag
Ingen Tags, Vær først til at tagge denne postø!
|
MARC
| LEADER | 00000nam a2200000 a 4500 | ||
|---|---|---|---|
| 001 | UCJ3078 | ||
| 003 | CL-VaPUC | ||
| 005 | 20240418105545.0 | ||
| 008 | 070124e19080000CL |||||||||||||||||spa|d | ||
| 999 | |c 319201 |d 319199 | ||
| 040 | |c Pontificia Universidad Católica de Valparaíso | ||
| 082 | 0 | 4 | |a 983 |b BER |2 21 |
| 100 | 1 | |a Bertling, Hans |e autor |9 863224 | |
| 245 | 1 | 0 | |a Documentos históricos referentes al paso de Los Andes efectuado en 1817 por el General San Martin. Publicados por H. Bertling |
| 246 | 1 | 0 | |a Diario particular del Sargento Mayor D. Enrique Martínez, de la marcha que ha hecho la División en que iba destinado sobre Chile |
| 246 | 1 | 0 | |a Diario de operaciones del Coronel D. Juan Gregorio de Las Heras, Comandante de la División de Uspallata |
| 250 | |a 1a. ed | ||
| 260 | |a Concepción |b Litografía e Imprenta Concepción |c 1908 | ||
| 300 | |a 180 p | ||
| 583 | |a last modification |c 20070124 00:00:00 |k Rodrigo Vera | ||
| 600 | 0 | 7 | |a SAN MARTIN, JOSE DE |2 CL-VaPUC |9 504315 |
| 600 | 0 | |a O'higgins Riquelme, Bernardo |9 387808 | |
| 600 | 0 | 7 | |a MARQUELI, MIGUEL |2 CL-VaPUC |9 504316 |
| 600 | 0 | 7 | |a LAS HERAS, JUAN GREGORIO |2 CL-VaPUC |9 504317 |
| 600 | 0 | 7 | |a Martínez, Enrique Santiago del Carmen, |d 1789-1870 |9 863225 |
| 600 | 0 | 7 | |a SOLER, MIGUEL ESTANISLAO |2 CL-VaPUC |9 504319 |
| 600 | 0 | 7 | |a ARCOS, ANTONIO |2 CL-VaPUC |9 504320 |
| 600 | 0 | |a Freire, Ramón |9 443695 | |
| 650 | 0 | |a Historia de Chile |9 265473 | |
| 650 | 0 | |a Guerra de la independencia |9 331979 | |
| 650 | 7 | |a MEMORIAS MILITARES |2 CL-VaPUC |9 504195 | |
| 650 | 7 | |a PASO DE LOS ANDES |2 CL-VaPUC |9 504321 | |
| 650 | 7 | |a DOCUMENTOS |2 CL-VaPUC |9 366450 | |
| 650 | 7 | |a FUENTES |2 CL-VaPUC |9 255666 | |
| 650 | 7 | |a DIARIO MILITAR |2 CL-VaPUC |9 504322 | |
| 651 | 7 | |a CHILE |2 CL-VaPUC |9 504323 | |
| 651 | 0 | |a Argentina |9 254888 | |
| 651 | 7 | |a USPALLATA |2 CL-VaPUC |9 504324 | |
| 651 | 7 | |a LOS PATOS |2 CL-VaPUC |9 504325 | |
| 651 | 7 | |a PLANCHON |2 CL-VaPUC |9 504326 | |
| 942 | |c BK |2 ddc | ||
| 945 | |d 20070124 00:00:00 |a rinostro | ||
| 952 | |0 0 |1 0 |4 0 |6 983_000000000000000_BER_1908 |7 0 |8 X |9 397460 |a FDOBUD |b FDOBUD |d 2019-11-22 |i 102003K |o 983 BER 1908 |p 102003K |r 2019-11-22 |w 2019-11-22 |y BK_X |k BUD | ||